[Event "POR-chT Blitz"]
[Site "Viseu"]
[Date "2022.06.12"]
[Round "7.3"]
[White "Silva, Miguel Antonio Neto"]
[Black "Duarte, Carlos Pires"]
[Result "1-0"]
[WhiteElo "2207"]
[BlackElo "1346"]
[PlyCount "53"]
[EventDate "2022.06.12"]
[EventType "team-swiss (blitz)"]
[EventRounds "7"]
[EventCountry "POR"]
[SourceTitle "CBM 208 Extra"]
[Source "ChessBase"]
[SourceDate "2022.07.31"]
[SourceVersion "1"]
[SourceVersionDate "2022.07.31"]
[SourceQuality "1"]
[WhiteTeam "Montemor o Novo"]
[BlackTeam "Montemor o Novo"]
[WhiteTeamCountry "POR"]
[BlackTeamCountry "POR"]

1. Nf3 Nf6 2. c4 b6 3. g3 Bb7 4. Bg2 e6 5. 0-0 d5 6. Ne5 Bd6 7. d4 c5 8. Qa4+ Nbd7 9. Nxd7 Nxd7 10. cxd5 Bxd5 11. Bxd5 exd5 12. dxc5 Bxc5 13. Nc3 0-0 14. Nxd5 Be7 15. Rd1 Qe8 16. Nxe7+ Qxe7 17. Qxd7 Qxd7 18. Rxd7 a5 19. Be3 b5 20. Rc1 b4 21. Rcc7 a4 22. Bc5 b3 23. axb3 axb3 24. Bxf8 Kxf8 25. Rxf7+ Ke8 26. Rxg7 h5 27. Rg8# 1-0